Real Madrid 2017/18 Squad - Statistics

General Stats
  • This quiz has been taken 1,330 times
  • The average score is 18 of 23
Answer Stats
Jersey # Nationality Position Player Name % Correct
7 Portugal LW Cristiano Ronaldo
99%
11 Wales RW Gareth Bale
99%
1 Costa Rica GK Keylor Navas
99%
10 Croatia CM Luka Modrić
99%
4 Spain CB Sergio Ramos
99%
9 France ST Karim Benzema
98%
8 Germany CM Toni Kroos
98%
12 Brazil LB Marcelo Vieira
97%
2 Spain RB Daniel Carvajal
96%
5 France CB Raphaël Varane
95%
14 Brazil CDM Casemiro
91%
6 Spain CB Nacho Fernández
85%
22 Spain CAM Isco
78%
23 Croatia CM Mateo Kovačić
74%
13 Spain GK Kiko Casilla
70%
20 Spain CAM Marco Asensio
69%
17 Spain RM Lucas Vázquez
60%
3 Spain CB Jesús Vallejo
55%
15 France LB Theo Hernández
50%
24 Spain CAM Daniel Ceballos
45%
19 Morocco RB Achraf Hakimi
43%
18 Spain CM Marcos Llorente
28%
21 Spain ST Borja Mayoral
27%
No matching quizzes found
Score Distribution
Percent of People with Each Score
Percentile by Number Answered
Your Score History
You have not taken this quiz